|
|
|
|
| LEADER |
00000nab a2200000uu 4500 |
| 001 |
vtls011538270 |
| 003 |
SK-MaSNL |
| 005 |
20260303202019.0 |
| 008 |
230131|1997 xo |||||||||||||||||slo| |
| 015 |
|
|
|a SNBRB
|
| 035 |
|
|
|a (urnnbn)urn:nbn:sk:snk:ar-a09nko
|
| 035 |
|
|
|a (uuid)095c3850-a362-4f81-b3c5-b5aedcd5f468
|
| 035 |
|
|
|a urn:nbn:sk:snk-abex0l
|
| 040 |
|
|
|a SNKBUCL
|b slo
|c SNKBUCL
|e AACR2
|
| 041 |
0 |
|
|a slo
|
| 044 |
|
|
|a xo
|c SK
|
| 100 |
1 |
|
|a Páleníková, Janina
|4 aut
|9 786161
|
| 245 |
1 |
0 |
|a ZMENY V LISTINE POVOLENÝCH ODRÔD V ROKU 1997 ZELENINA, OVOCIE, VINIČ HROZNORODÝ A PODPNÍKY
|c Janina Paleníková
|
| 650 |
0 |
7 |
|a zelenina
|2 SNKPH
|9 2731
|
| 650 |
0 |
7 |
|a ovocie
|2 SNKPH
|9 16716
|
| 650 |
0 |
7 |
|a vinič hroznorodý
|2 SNKPH
|9 15944
|
| 650 |
0 |
7 |
|a podpníky
|2 SNKPH
|9 22907
|
| 773 |
0 |
|
|t Poľnohospodárska výroba a skúšobníctvo : časopis pre poľnohospodárov, agropodnikateľov a drobných pestovateľov : odborný časopis zameraný na kvalitu prvovýroby a vstupov do prvovýroby
|g Roč. 5, č. 1-2 (1997), s. 45-50
|
| 954 |
|
|
|a odborná, vedecká literatúra pôvodná (slovenská)
|2 lita
|
| 958 |
|
|
|a OND
|
| 958 |
|
|
|a EUIPO
|
| 958 |
|
|
|a article22
|
| 999 |
|
|
|c 2177471
|d 2179401
|